| 000 | 00751cam a2200229 a 4500 | ||
|---|---|---|---|
| 001 | 13726256 | ||
| 005 | 20241118183352.0 | ||
| 008 | 040921s2005 caua b 001 0 eng | ||
| 020 | _a0534392008 (student ed. : acidfree paper) | ||
| 020 | _a9780534404994 | ||
| 050 | 0 | 0 |
_aQA297 _b.B84 2005 |
| 082 | 0 | 0 |
_a518 _222 |
| 100 | 1 | _aBurden, Richard L. | |
| 245 | 1 | 0 |
_aNumerical analysis / _cRichard L. Burden, J. Douglas Faires. |
| 250 | _a8th ed. | ||
| 260 |
_aBelmont, CA : _bThomson Brooks/Cole, _cc2005. |
||
| 300 |
_axiv, 847 p. : _bill. (some col.) ; _c25 cm. |
||
| 650 | 0 | _aNumerical analysis. | |
| 700 | 1 | _aFaires, J. Douglas. | |
| 856 | 4 | 1 |
_3Table of contents _uhttp://www.loc.gov/catdir/toc/fy0605/2004113929.html |
| 942 |
_2lcc _cBK _e8th Ed. _n0 |
||
| 999 |
_c1312 _d1312 |
||